แสดงรายละเอียดบรรณานุกรม
  กลับหน้าหลัก

Brief Record : Get Marc (ISO 2709) : E-mail record : QR code ปิดหน้าต่าง
E-books : เกี่ยวกับ Collections
LEADER 00000nama 2200000uu 4500
001    200644
003     ULIBM
008    040531s|||| th m m a000 0 tha d
020    978-616-7183-00-8
041    tha
050    WS320 ช251ก 2552
100    ชลิดา ธนัฐธีรกุล.
245    การพยาบาลผู้ป่วยเด็กที่มีความผิดปกติในระบบทางเดินปัสสาวะ = Pediatric Nursing caer on Urinary Tract Abnormalities/ชลิดา ธนัฐธีรกุล.
260    ขอนแก่น. คณะพยาบาลศาสตร์ มหาวิทยาลัยขอนแก่น. 2552.
300    123 หน้า.
500    ได้รับทุนสนับสนุนการผลิตตำรา มหาวิทยาลัยขอนแก่น พ.ศ.2549 ลำดับที่ 7.
600    I.มหาวิทยาลัยขอนแก่น คณะพยาบาลศาสตร์.
650    1.การพยาบาลกุมารเวชศาสตร์ 2.ระบบทางเดินปัสสาวะ--ความผิดปกติ 3.เด็ก--โรค--การพยาบาล 4.ไต--โรค--ในวัยทารกและเด็ก.
995    001
รายการนี้ยังไม่มีแท็ก
คุณยังไม่ได้ล็อกอิน คุณสามารถมีกิจกรรมร่วมกับเว็บไซต์ได้ แต่ต้องล็อกอินก่อน ::
  ล็อกอิน
ลำดับที่ ประเภท เลขเรียก สถานที่ สถานะ
1. หนังสือทั่วไป
หนังสือทั่วไป
WS320 ช251ก 2552 ฉ.20 
  
ห้องสมุด หอพักนักศึกษา (ห้องเหลือง) On Shelf
  ขอยืม
Note:งบประมาณปี 2558
2. หนังสือทั่วไป
หนังสือทั่วไป
WS320 ช251ก 2552 ฉ.21 
  
ห้องสมุด หอพักนักศึกษา (ห้องเหลือง) On Shelf
  ขอยืม
Note:งบประมาณปี 2558
   [แสดง 5/5 รายการ]

BibComment


ยังไม่เคยถูกคอมเมนท์

คอมเมนท์ทรัพยากรรายการนี้
  คอมเมนท์: การพยาบาลผู้ป่วยเ..
Bib 200644

 
 
 

 Union Library Management : ULibM
Copyright 2026. All Rights Reserved.
скачать бесплатно без регистрации порно красивый секс HD Sex Hindi sex

xxx gou

xxxx

bfxxx

xxxwww

Секса Видео

xxxx

Секса Видео

detube

geilexxx

C99 Shell

worms shell

blod xxx video
Ebony Coed Rihanna Rimes Takes A Dick In Her Young Twat priyaa indian fuck anal and pusssy hardcore indian women xxx desi hardcore fucking part 1 bengalixxxcouple